| 000 | 00921nam a2200229 i 4500 | ||
|---|---|---|---|
| 001 | 43696 | ||
| 003 | ES-MaACL | ||
| 005 | 20250710124223.0 | ||
| 007 | t| | ||
| 008 | 030318s1905 sp ||||1| spa d | ||
| 110 | 2 |
_aBiblioteca Nacional (España) _92188 |
|
| 245 | 1 | 0 | _aCatálogo de la exposición celebrada en la Biblioteca Nacional en el tercer centenario de la publicación del Quijote. |
| 260 |
_a[Madrid : _bs.n., _c1905] ( _fImp. Alemana) |
||
| 300 |
_aLV, 94 p., XL lám. ; _c29 cm. |
||
| 530 | _aDisponible en formato digital. | ||
| 600 | 1 | 4 |
_aCervantes Saavedra, Miguel de, _d1547-1616. _tDon Quijote de la Mancha- _vExposiciones _937619 |
| 655 | 7 |
_2tgfbne _9193628 _aCatálogos de exposiciones |
|
| 852 |
_aES-MaACL _jB-3393 _cSPB _zRevisado enlace: 10 de julio de 2025 |
||
| 856 | 4 |
_uhttp://bdh-rd.bne.es/viewer.vm?id=0000178968&page=1 _yBiblioteca Digital Hispánica |
|
| 942 | _2udc | ||
| 999 |
_c43696 _d43696 |
||